ARRUPE JESUIT UNIVERSITY

CORONAVIRUS -STOP THE SPREAD - CLEAN,DISINFECT,COVER

The world of Cézanne, 1839-1906, (Record no. 125464)

MARC details
000 -LEADER
fixed length control field 00889cam a2200289 4500
001 - CONTROL NUMBER
control field 1924808
003 - CONTROL NUMBER IDENTIFIER
control field ARRUPE
005 - DATE AND TIME OF LATEST TRANSACTION
control field 20161007114436.0
008 - FIXED-LENGTH DATA ELEMENTS--GENERAL INFORMATION
fixed length control field 680301s1968 nyuac b 000 0 eng
010 ## - LIBRARY OF CONGRESS CONTROL NUMBER
LC control number 68017688 //r85
035 ## - SYSTEM CONTROL NUMBER
System control number (OCoLC)ocm00440091
035 ## - SYSTEM CONTROL NUMBER
System control number (NNC)1924808
040 ## - CATALOGING SOURCE
Original cataloging agency DLC
Transcribing agency DLC
Modifying agency ZCU
050 0# - LIBRARY OF CONGRESS CALL NUMBER
Classification number ND553.C33
Item number M8
082 ## - DEWEY DECIMAL CLASSIFICATION NUMBER
Classification number 759.4
300 ## - PHYSICAL DESCRIPTION
Other physical details illus. (part col.), ports.
Dimensions 31 cm.
100 1# - MAIN ENTRY--PERSONAL NAME
Personal name Murphy, Richard W.
9 (RLIN) 26591
245 14 - TITLE STATEMENT
Title The world of Cézanne, 1839-1906,
Statement of responsibility, etc by Richard W. Murphy and the editors of Time-Life Books.
260 ## - PUBLICATION, DISTRIBUTION, ETC. (IMPRINT)
Place of publication, distribution, etc New York,
Name of publisher, distributor, etc Time-Life Books
Date of publication, distribution, etc [1968]
300 ## - PHYSICAL DESCRIPTION
Extent 192 p.
490 1# - SERIES STATEMENT
Series statement Time-Life library of art
504 ## - BIBLIOGRAPHY, ETC. NOTE
Bibliography, etc Bibliography: p. 187.
600 10 - SUBJECT ADDED ENTRY--PERSONAL NAME
Personal name Cézanne, Paul,
Dates associated with a name 1839-1906.
9 (RLIN) 26592
710 2# - ADDED ENTRY--CORPORATE NAME
Corporate name or jurisdiction name as entry element Time-Life Books.
9 (RLIN) 26560
830 #0 - SERIES ADDED ENTRY--UNIFORM TITLE
Uniform title Time-Life library of art.
9 (RLIN) 26561
942 ## - ADDED ENTRY ELEMENTS (KOHA)
Source of classification or shelving scheme Library of Congress Classification
Koha item type Monograph ( Printed materials)
Holdings
Withdrawn status Lost status Source of classification or shelving scheme Damaged status Not for loan Collection code Home library Current library Shelving location Date acquired Total Checkouts Full call number Barcode Date last seen Price effective from Koha item type
    Library of Congress Classification     Main Collection ARRUPE LIBRARY ARRUPE LIBRARY Main Collection 07/10/2016   L ND553.C33 M8 46500010587 07/10/2016 07/10/2016 Monograph ( Printed materials)

 

Arrupe Library. PO Box MP320 Mt Pleasant, Harare, Zimbabwe
263 242 745411|librarian@aju.ac.zw